"A hangok mögé nézni" Frankl Péter Szegeden koncertezett /

Elmentve itt :
Bibliográfiai részletek
Szerzők: Frankl Péter
Hollósi Zsolt
Dokumentumtípus: Cikk
Megjelent: 2000-03-21
Sorozat:Délmagyarország 90 No. 67
Kulcsszavak:Sebők György, Szeged, Zenei élet hangverseny zongora Szeged, Jótékonysági hangverseny
Online Access:http://dmarchiv.bibl.u-szeged.hu/84562
LEADER 00594nab a2200169 i 4500
001 delm84562
005 20191029143701.0
008 191029s2000 hu o 0|| hun d
040 |a SZTE Délmagyarország Archívum  |b hun 
041 |a hun 
100 1 |a Frankl Péter 
245 1 0 |a "A hangok mögé nézni"   |h [elektronikus dokumentum] :  |b Frankl Péter Szegeden koncertezett /  |c  Frankl Péter 
260 |c 2000-03-21 
300 |a 9 
490 0 |a Délmagyarország  |v 90 No. 67 
695 |a Sebők György, Szeged, Zenei élet hangverseny zongora Szeged, Jótékonysági hangverseny 
700 0 1 |a Hollósi Zsolt  |e aut